Chemical reaction engineering (Record no. 18666)

000 -LEADER
fixed length control field 00567nam a22001931 4500
001 - CONTROL NUMBER
control field 18666
003 - CONTROL NUMBER IDENTIFIER
control field BD-DhUET
008 - FIXED-LENGTH DATA ELEMENTS--GENERAL INFORMATION
fixed length control field 840403s1962 nyua b 000 0 eng c
040 ## - CATALOGING SOURCE
Original cataloging agency DLC/ICU
Transcribing agency DLC
Modifying agency BD-DhUET
082 0# - DEWEY DECIMAL CLASSIFICATION NUMBER
Classification number 660.299
Item number LEV/1964
100 ## - MAIN ENTRY--PERSONAL NAME
Personal name Levenspiel, Octave
245 10 - TITLE STATEMENT
Title Chemical reaction engineering
Remainder of title an introduction to the design of chemical reactors
250 ## - EDITION STATEMENT
Edition statement 1st ed.
260 ## - PUBLICATION, DISTRIBUTION, ETC. (IMPRINT)
Place of publication, distribution, etc. New York
Name of publisher, distributor, etc. John Wiley & Sons
Date of publication, distribution, etc. 1962
300 ## - PHYSICAL DESCRIPTION
Extent xv, 501 p.
Other physical details illus.
Dimensions 24 cm.
504 ## - BIBLIOGRAPHY, ETC. NOTE
Bibliography, etc Includes bibliographies
650 #0 - SUBJECT ADDED ENTRY--TOPICAL TERM
Topical term or geographic name as entry element Chemical engineering
942 ## - ADDED ENTRY ELEMENTS (KOHA)
Koha item type General Book
Holdings
Sublocation or collection (holding branch) Koha date last seen Source of classification or shelving scheme Koha date last borrowed Date acquired Koha item type Damaged status Copy number Koha normalized classification for sorting Not for loan Lost status Piece designation (barcode) Withdrawn status Koha full call number Price effective from Location (home branch) Koha issues (times borrowed) Shelving location
Central Library, BUET2015-03-31  2015-03-31General Book 1660_299000000000000_LEV_1967  17501 660.299/LEV/19672015-03-31Central Library, BUET Circulation section
Central Library, BUET2015-03-31  2015-03-31General Book 2660_299000000000000_LEV_1967  17821 660.299/LEV/19672015-03-31Central Library, BUET Circulation section
Central Library, BUET2015-03-31  2015-03-31General Book 3660_299000000000000_LEV_1967  17822 660.299/LEV/19672015-03-31Central Library, BUET Circulation section
Central Library, BUET2015-03-31  2015-03-31General Book 4660_299000000000000_LEV_1967  4402 660.299/LEV/19672015-03-31Central Library, BUET Circulation section
Central Library, BUET2015-03-31  2015-03-31General Book 5660_299000000000000_LEV_1967  20932 660.299/LEV/19672015-03-31Central Library, BUET Circulation section
Central Library, BUET2023-12-18 2023-12-052015-04-01General Book 6660_299000000000000_LEV_1964  17502 660.299/LEV/19642015-04-01Central Library, BUET1Circulation section
Central Library, BUET2020-01-25 2019-05-052015-04-01General Book 7660_299000000000000_LEV_1964  12542 660.299/LEV/19642015-04-01Central Library, BUET1Circulation section
Central Library, BUET2015-06-18  2015-06-18Reading Item 8660_299000000000000_LEV_1964  36300 660.299/LEV/19642015-06-18Central Library, BUET Reading section